Library Logo

কাকে বলে ইতিহাস ? /. (Record no. 101853)

000 -LEADER
fixed length control field 00711nam a22001937a 4500
003 - CONTROL NUMBER IDENTIFIER
control field BD-DhUL
005 - DATE AND TIME OF LATEST TRANSACTION
control field 20160828160046.0
008 - FIXED-LENGTH DATA ELEMENTS--GENERAL INFORMATION
fixed length control field 160828b1991 i ||||| |||| 00| 0 b d
040 ## - CATALOGING SOURCE
Transcribing agency BD-DhUL
Modifying agency BD-DhUL
-- BD-DhUL
082 ## - DEWEY DECIMAL CLASSIFICATION NUMBER
Classification number 907
Item number CAC
100 1# - MAIN ENTRY--PERSONAL NAME
Personal name কার,এইচ. ই.
245 ## - TITLE STATEMENT
Title কাকে বলে ইতিহাস ? /.
Statement of responsibility, etc. এইচ. ই. কার
260 ## - PUBLICATION, DISTRIBUTION, ETC. (IMPRINT)
Place of publication, distribution, etc. কলকাতা:
Name of publisher, distributor, etc. কে.পি. বাগচী,
Date of publication, distribution, etc. ১৯৯১.
300 ## - PHYSICAL DESCRIPTION
Extent ১৯১ পৃ.;
Dimensions ৩০সেমি.
504 ## - BIBLIOGRAPHY, ETC. NOTE
Bibliography, etc নির্ঘন্ট ও গ্রন্থপজ্ঞীগত ত্তথ্য সংবলিত
650 #0 - SUBJECT ADDED ENTRY--TOPICAL TERM
Form subdivision ইতিহাস
651 ## - SUBJECT ADDED ENTRY--GEOGRAPHIC NAME
Form subdivision History
942 ## - ADDED ENTRY ELEMENTS (KOHA)
Source of classification or shelving scheme
Koha item type Books
Holdings
Price effective from Date last seen Permanent Location Not for loan Date acquired Source of classification or shelving scheme Koha item type Lost status Withdrawn status Copy number Source of acquisition Collection code Damaged status Shelving location Barcode Current Location Full call number
2016-08-282016-08-28Dhaka University Library 1999-05-09 Books  6PurchasedNon Fiction General Stacks385310Dhaka University Library907 CAC
2016-08-282016-08-28Dhaka University Library 1999-05-09 Books  6PurchasedNon Fiction General Stacksx3174Dhaka University Library907 CAC
2016-08-292016-08-29Dhaka University Library 2016-08-29 Books  5PurchasedNon Fiction General Stacks385310(d)Dhaka University Library907 CAC
2016-08-292016-08-29Dhaka University Library 2016-08-29 Books  4PurchasedNon Fiction General Stacks3175Dhaka University Library907 CAC
2016-08-292016-08-29Dhaka University Library 2016-08-29 Books  2PurchasedNon Fiction General Stacks3173Dhaka University Library907 CAC
2016-09-222016-09-22Dhaka University Library 2016-09-22 Books  1purchasedNon Fiction General Stacks385310 (D)Dhaka University Library907 CAC
Last Updated on September 15, 2019
© Dhaka University Library. All Rights Reserved|Staff Login